Mô Đun MN3 Chăm sóc, giáo dục trẻ dân tộc thiểu số và trẻ có hoàn cảnh khó khăn Dành cho giáo viên. Tài liệu bổ trợ và tài liệu tham khảo

Gorde:
Xehetasun bibliografikoak
Erakunde egilea: Bộ giáo dục và đào tạo. Dự án tăng cường khả năng sẵn sàng đi học cho trẻ mầm non
Formatua: Liburua
Argitaratua: Hà Nội
Etiketak: Etiketa erantsi
Etiketarik gabe, Izan zaitez lehena erregistro honi etiketa jartzen!
Thư viện lưu trữ: Trung tâm Học liệu Lê Vũ Hùng, Trường Đại học Đồng Tháp
LEADER 00839pam a22002058a 4500
001 00039424
005 20171026081025.0
008 170519s ||||||Viesd
041 0 # |a Vie 
082 1 4 |a 372.21  |b M450Đ 
110 1 # |a Bộ giáo dục và đào tạo.  |b Dự án tăng cường khả năng sẵn sàng đi học cho trẻ mầm non 
245 1 0 |a Mô Đun MN3 Chăm sóc, giáo dục trẻ dân tộc thiểu số và trẻ có hoàn cảnh khó khăn  |b Dành cho giáo viên. Tài liệu bổ trợ và tài liệu tham khảo 
260 # # |a Hà Nội 
300 # # |a 18 tr.  |c 29 cm 
852 # # |b Kho đọc  |j KD.0020247 
852 # # |j KD.0020247 
910 |d 19/05/2017 
980 # # |a Trung tâm Học liệu Lê Vũ Hùng, Trường Đại học Đồng Tháp